000 00536nam a22001937a 4500
003 NUST
005 20230126153004.0
008 190710b ||||| |||| 00| 0 eng d
038 _aMr. Zahoor
082 _a510
100 _aJumani, Rahila
_917008
245 _aDelay Differential Equations
_c Rahila Jumani
260 _aIslambad :
_bSNS - NUST,
_c2013.
300 _aiv, 41 p. : ill. ;
_c30cm.
500 _aHard cover.
650 _aMathematics - M.Phil Thesis
_916594
700 _aProf. Faiz Ahmad
_916656
942 _2ddc
_cTHE
999 _c526318
_d526318